<?xml version="1.0" encoding="UTF-8"?>
<record
    xmlns:xsi="http://www.w3.org/2001/XMLSchema-instance"
    xsi:schemaLocation="http://www.loc.gov/MARC21/slim http://www.loc.gov/standards/marcxml/schema/MARC21slim.xsd"
    xmlns="http://www.loc.gov/MARC21/slim">

  <leader>00570nam a22001577a 4500</leader>
  <controlfield tag="008">230605b        |||||||| |||| 00| 0 eng d</controlfield>
  <datafield tag="040" ind1=" " ind2=" ">
    <subfield code="a">National Science Library</subfield>
    <subfield code="c">National Science Library</subfield>
  </datafield>
  <datafield tag="080" ind1=" " ind2=" ">
    <subfield code="a">616-006.6.006.2.25</subfield>
    <subfield code="b">N1</subfield>
  </datafield>
  <datafield tag="245" ind1=" " ind2=" ">
    <subfield code="a">Laboratory decontamination and destruction of carcinogens in laboratory wastes: </subfield>
    <subfield code="b">Some polycyclic heterocyclic hydrocarbons</subfield>
  </datafield>
  <datafield tag="260" ind1=" " ind2=" ">
    <subfield code="a">France: </subfield>
    <subfield code="b">International Agency for Research on Cancer, </subfield>
    <subfield code="c">1991</subfield>
  </datafield>
  <datafield tag="300" ind1=" " ind2=" ">
    <subfield code="a">50p.</subfield>
  </datafield>
  <datafield tag="650" ind1=" " ind2=" ">
    <subfield code="a">Carcinogens</subfield>
  </datafield>
  <datafield tag="653" ind1=" " ind2=" ">
    <subfield code="a">Epidemiology</subfield>
  </datafield>
  <datafield tag="700" ind1=" " ind2=" ">
    <subfield code="a">Castegnaro, M (Ed.)</subfield>
  </datafield>
  <datafield tag="942" ind1=" " ind2=" ">
    <subfield code="2">udc</subfield>
    <subfield code="c">BK</subfield>
  </datafield>
  <datafield tag="999" ind1=" " ind2=" ">
    <subfield code="c">38972</subfield>
    <subfield code="d">38972</subfield>
  </datafield>
  <datafield tag="952" ind1=" " ind2=" ">
    <subfield code="0">0</subfield>
    <subfield code="1">0</subfield>
    <subfield code="2">udc</subfield>
    <subfield code="4">0</subfield>
    <subfield code="6">6160066006225_N1</subfield>
    <subfield code="7">0</subfield>
    <subfield code="9">58613</subfield>
    <subfield code="a">NSL</subfield>
    <subfield code="b">NSL</subfield>
    <subfield code="c">GF/Rk-12/C-4/R-1</subfield>
    <subfield code="d">1993-04-06</subfield>
    <subfield code="l">0</subfield>
    <subfield code="o">616-006.6.006.2.25 N1</subfield>
    <subfield code="p">173622</subfield>
    <subfield code="r">2023-06-05 00:00:00</subfield>
    <subfield code="w">1993-04-06</subfield>
    <subfield code="y">BK</subfield>
  </datafield>
</record>
